000 01888nam a22002057a 4500
003 IT-MiCISF
005 20260113110935.0
008 260113b |||||||| |||| 00| 0 eng d
020 _a9788829028672
040 _cIT-MiCISF
100 _aGrilli Simonetta
_957992
245 _aAntropologia delle famiglie contemporanee.
_bNuova edizione
260 _aRoma,
_bCarocci,
_c2025
300 _app. 359
500 _afamiglia, parentela, antropologia, abitazione, alimentazione, assistenza-domiciliare, anziani, famiglia-adottiva, procreazione-artificiale, madre-in-affitto, omosessualità
520 _aIn uno scenario globale segnato da crisi e rapide trasformazioni sociali, la parentela resta un cruciale per comprendere la società contemporanea. In questa edizione ampliata e aggiornata, il volume esplora la fluidità e la pluralità delle forme e delle relazioni familiari analizzando il modo in cui si stanno evolvendo e le sfide che emergono nei processi della loro definizione. Facendo riferimento per lo più al contesto italiano e ponendo particolare attenzione alle dinamiche di genere, ai cambiamenti strutturali e alle pratiche mediche innovative, lo studio si concentra sulla pluralizzazione dei legami familiari – dalle famiglie ricomposte e adottive a quelle “fuori norma” di soggetti queer, a quelle formatesi grazie alle tecnologie riproduttive – e affronta le nuove grammatiche biologiche, i corpi come luoghi di relazione e le complesse intersezioni tra diritto, politica e intimità. Ne risulta una visione articolata della parentela, che ne svela la potenza trasformativa, le contraddizioni che la attraversano e il ruolo centrale che ricopre nella vita sociale e politica. Una riflessione profonda sulla contemporaneità e sulla costante riformulazione del concetto di “famiglia”.
650 _aFamiglia
654 _asaggio
942 _2ddc
_cBK
999 _c360706
_d360706